书目信息 |
| 题名: |
埋弧焊一学就会
|
|
| 作者: | 王兵 主编 | |
| 分册: | ||
| 出版信息: | 北京 化学工业出版社 2014 |
|
| 页数: | 243页 | |
| 开本: | 21cm | |
| 丛书名: | ||
| 单 册: | ||
| 中图分类: | TG445 | |
| 科图分类: | ||
| 主题词: | 埋弧焊--基本知识 | |
| 电子资源: | ||
| ISBN: | 978-7-122-21511-6 | |
| 000 | 00785nam0 2200241 450 | |
| 001 | 012015000017 | |
| 005 | 20150914103702.43 | |
| 010 | @a978-7-122-21511-6@dCNY29.00 | |
| 100 | @a20141113d2014 em y0chiy50 ea | |
| 101 | 0 | @achi |
| 102 | @aCN@b110000 | |
| 105 | @aa z 000yy | |
| 106 | @ar | |
| 200 | 1 | @a埋弧焊一学就会@Amai hu han yi xue jiu hui@f王兵主编 |
| 210 | @a北京@c化学工业出版社@d2014 | |
| 215 | @a243页@c图@d21cm | |
| 300 | @a焊工自学读本 | |
| 330 | @a本书从埋弧焊的安全文明生产讲起,详细介绍了埋弧焊设备与焊机操作、埋弧焊用焊接材料、埋弧焊操作技术、埋弧焊中常见故障与排除方法,以及埋弧焊焊焊质量与控制。 | |
| 606 | 0 | @a埋弧焊@x基本知识 |
| 690 | @aTG445@v5 | |
| 701 | 0 | @a王兵@Awang bing@4主编 |
| 801 | 0 | @aCN@b碧洲教育@c20150715 |
| 905 | @a10447@f1@dTG445@e26 | |
| 埋弧焊一学就会/王兵主编.-北京:化学工业出版社,2014 |
| 243页:图;21cm |
| 焊工自学读本 |
| ISBN 978-7-122-21511-6:CNY29.00 |
| 本书从埋弧焊的安全文明生产讲起,详细介绍了埋弧焊设备与焊机操作、埋弧焊用焊接材料、埋弧焊操作技术、埋弧焊中常见故障与排除方法,以及埋弧焊焊焊质量与控制。 |
| ● |
| 相关链接 |
|
|
|
|
正题名:埋弧焊一学就会
索取号:TG445/26
 
预约/预借
| 序号 | 登录号 | 条形码 | 馆藏地/架位号 | 状态 | 备注 |
| 1 | 0870931 | 208709316 | 第二样本阅览室/ [索取号:TG445/26] | 在馆 |